| 000 | 00000nam##2200000za#4500 |
| 001 | 9.573445 |
| 003 | CaOODSP |
| 005 | 20210929082754 |
| 007 | cr ||||||||||| |
| 008 | 150406|2001||||xxc|||||o f|0| 0 eng|d |
| 040 | |aCaOODSP|beng |
| 043 | |an-cn--- |
| 086 | 1 |aFo29-6/54-2001E-PDF |
| 110 | 1 |aCanada. |bNatural Resources Canada. |bCanadian Forest Service. |
| 245 | 10|aIntroduction to forest diseases / |h[electronic resource]|c[by] B. Callan, illustrations by Soren Heinrich and John Wiens. Issued by the Pacific Forestry Centre. |
| 260 | |aVictoria - British Columbia : |bNatural Resources Canada. |cc2001. |
| 300 | |a16p.|bfig., glossary, illus., references, photographs |
| 490 | 1 |aForest pest leaflet|v54 |
| 500 | |aThe catalogue number (Fo 29-6/54-2001E) and ISBN (0-662-30780-1) for the print edition have been incorrectly copied in this electronic publication. |
| 590 | |a12-17-Supp|b2012-04-20 |
| 690 | 07|aEnvironmental conservation|2gcpds |
| 690 | 07|aForests|2gcpds |
| 690 | 07|aPlant diseases|2gcpds |
| 720 | 1 |aCallan, B. |
| 776 | 0#|tIntroduction to forest diseases / |w(CaOODSP)9.615671 |
| 830 | #0|aForest pest leaflet ;|v54|w(CaOODSP)9.506908 |
| 856 | 40|ahttp://publications.gc.ca|qPDF|s1.19 MB|uhttps://publications.gc.ca/collections/Collection/Fo29-6-54-2001E.pdf|y54 |